Statistics for Serbian Modern History

Click here to take the quiz!

General Stats

  • This quiz has been taken 298 times
  • The average score is 10 of 20

Answer Stats

QuestionAnswer% Correct
Who was the last of Josip Broz Tito's supposedly seven wives?Jovanka
84%
Which republic was the first to secede from the SFR Yugoslavia?Slovenia
75%
Who was the patriarch of the Serbian Orthodox Church from 1990 to his death in 2009?Pavle
74%
What was the name of the final action of conquering the Republic of Serbian Krajina?"Storm"
65%
Which autonomous province of Serbia declared its independence in 2008?Kosovo
60%
Where did Josip Broz Tito die?Ljubljana
58%
Which agreement was signed following the Bosnian War?Dayton Agreement
57%
Who was the first president of Republika Srpska?Radovan Karadžić
55%
How old was Josip Broz Tito when he died on May 4, 1980?88
50%
Who was the first president of the Republic of Serbia after became independent in 2006?Boris Tadić
49%
Where did Slobodan Milošević die in 2006?The Hague
48%
Who was the last president of SFR Yugoslavia?Stjepan Mesić
44%
In what year was Serbian Prime Minister Zoran Đinđić assassinated?2003
42%
Which city in BiH received the status of a free city after the war in Bosnia?Brčko
42%
Who was the most successful prime minister in the post-war history of Yugoslavia?Ante Marković
38%
Who was the first to voluntarily surrender to the Hague Tribunal?Vojislav Šešelj
37%
In what year did the regime of Slobodan Milošević end on October 5?2000
34%
Who was the first president of the FR Yugoslavia after the fall of Slobodan Milošević?Vojislav Koštunica
34%
Who was the governor of the National Bank when the hyperinflation of the dinar was stopped in 1992?Dragoslav Avramović
31%
Who was the first president of the FR Yugoslavia?Dobrica Ćosić
21%

Score Distribution

Percentile by Number Answered

Percent of People with Each Score

Your Score History

You have not taken this quiz